00963cam a2200229 i 4500999001700000001000900017005001700026008004100043010001700084020002500101050002500126100005500151245011700206250001900323300003000342504006700372650005200439650004600491700003000537942003700567952012900604 c18799d187991755313420170114092839.0121207s2013 cau b 001 0 eng  a 2012045974 a9780470770375 (pbk.)00aLC 5225 .A34C34 20131 aCaffarella, Rosemary S.q(Rosemary Shelly),d1946-10aPlanning programs for adult learners :ba practical guide /cRosemary S. Caffarella and Sandra Ratcliff Daffron. aThird edition. axxxi, 422 pages ;c28 cm. aIncludes bibliographical references (pages 384-410) and index. 0aAdult educationzUnited StatesxAdministration. 0aAdult educationzUnited StatesxPlanning.1 aDaffron, Sandra Ratcliff. 2lcccBOOKShLC 5225 .A34C34 2013 00102lcc4070aMUCbMUCcTECHd2017-01-14eDonation (B.F.A)l0oLC 5225 .A34C34 2013p29726r2018-06-08w2017-01-14yBOOKS